000 00674nam a2200193 i 4500
001 182072
003 ES-MaACL
005 20260307063016.0
008 130529s1977 mx |||| | spa d
100 _aMusset, Alfred de,
_d1810-1857
_9223345
245 1 0 _aGiamiani /
_cAlfred de Musset ; [traducción Juan Vulpes].
260 _aMéxico :
_bPremià,
_c1977.
300 _a79 p. ;
_c21 cm.
490 1 _aLos brazos de Lucas ;
_v3
700 1 _aVulpes, Juan.
_9152815
830 0 _aLos brazos de Lucas ;
_v3
_9224791
852 _aES-MaACL
_j2114-F-21
_z.- Donativo de los herederos de la biblioteca de Mª del Pilar Costa Palacín
999 _c182072
_d182072